[Event "Cesme op-A 11th"]
[Site "Izmir"]
[Date "2025.06.26"]
[Round "5"]
[White "Isik, Alparslan"]
[Black "Sakmak, Kutay"]
[Result "1-0"]
[WhiteElo "2480"]
[BlackElo "2158"]
[PlyCount "87"]
[EventDate "2025.06.23"]
[EventType "swiss"]
[EventRounds "9"]
[EventCountry "TUR"]
[SourceTitle "CB27_2025"]
[SourceDate "2025.07.02"]
[SourceVersion "1"]
[SourceVersionDate "2025.07.02"]
[SourceQuality "1"]

1. Nf3 c5 2. c4 Nc6 3. Nc3 Nf6 4. e3 e6 5. d4 cxd4 6. exd4 d5 7. c5 Bd7 8. Bb5 Be7 9. 0-0 0-0 10. Bg5 Ne4 11. Bxe7 Qxe7 12. Qe1 Ng5 13. Nxg5 Qxg5 14. Bxc6 bxc6 15. f4 Qh5 16. b4 f6 17. Rb1 Rfe8 18. b5 e5 19. Qd2 e4 20. Qe3 cxb5 21. Nxb5 Reb8 22. Nd6 Bc6 23. h3 f5 24. Rb3 Qg6 25. Rfb1 Rxb3 26. Rxb3 Qe6 27. Kh2 Qd7 28. Qg3 g6 29. Qg5 Kg7 30. g4 h6 31. Qh4 fxg4 32. hxg4 Qd8 33. Qxd8 Rxd8 34. Kg3 Kf8 35. f5 gxf5 36. Nxf5 Re8 37. Kf4 a5 38. Nxh6 a4 39. Rh3 Rb8 40. Nf5 Rb2 41. a3 Rb3 42. Rh6 Rf3+ 43. Ke5 e3 44. Rf6+ 1-0

[Event "Cesme op-A 11th"]
[Site "Izmir"]
[Date "2025.06.26"]
[Round "6"]
[White "Sakmak, Kutay"]
[Black "Koksal, Ege"]
[Result "0-1"]
[WhiteElo "2158"]
[BlackElo "2292"]
[PlyCount "20"]
[EventDate "2025.06.23"]
[EventType "swiss"]
[EventRounds "9"]
[EventCountry "TUR"]
[SourceTitle "CB27_2025"]
[SourceDate "2025.07.02"]
[SourceVersion "1"]
[SourceVersionDate "2025.07.02"]
[SourceQuality "1"]

1. e4 c6 2. d4 d5 3. f3 e6 4. Nc3 Bb4 5. Bd2 Ne7 6. Bd3 0-0 7. Nge2 c5 8. dxc5 Bxc5 9. exd5 Nxd5 10. Na4 Qh4+ 0-1

[Event "Cesme op-A 11th"]
[Site "Izmir"]
[Date "2025.06.25"]
[Round "4"]
[White "Sakmak, Kutay"]
[Black "Gur, Ali1"]
[Result "1-0"]
[WhiteElo "2158"]
[BlackElo "2033"]
[PlyCount "133"]
[EventDate "2025.06.23"]
[EventType "swiss"]
[EventRounds "9"]
[EventCountry "TUR"]
[SourceTitle "CB27_2025"]
[SourceDate "2025.07.02"]
[SourceVersion "1"]
[SourceVersionDate "2025.07.02"]
[SourceQuality "1"]

1. e4 c5 2. Nf3 d6 3. d4 cxd4 4. Nxd4 Nf6 5. Nc3 a6 6. Bg5 e6 7. f4 Be7 8. Qf3 Qc7 9. 0-0-0 Nbd7 10. g4 h6 11. Bxf6 Bxf6 12. h4 Nb6 13. g5 Bxd4 14. Rxd4 Qc5 15. Rd2 Bd7 16. Be2 0-0-0 17. Rhd1 Bc6 18. Rd4 d5 19. exd5 Nxd5 20. Nxd5 Rxd5 21. Rxd5 Bxd5 22. Qd3 hxg5 23. hxg5 Rh2 24. c4 b5 25. b3 bxc4 26. bxc4 Qc7 27. Kb1 Qb7+ 28. Ka1 Rxe2 29. Qxe2 Bf3 30. Qd2 Bxd1 31. Qxd1 Qe4 32. Qd6 Qxc4 33. Qf8+ Kb7 34. Qxf7+ Kb6 35. Kb2 Qb4+ 36. Kc2 Qe4+ 37. Kb2 g6 38. Qf6 Kc6 39. Kc3 Qe1+ 40. Kc2 Qe4+ 41. Kc3 Qe3+ 42. Kc4 Qe2+ 43. Kc3 Qe1+ 44. Kc2 Qf2+ 45. Kc3 Qc5+ 46. Kd3 Qa3+ 47. Kd4 Qb2+ 48. Ke3 Qa3+ 49. Kd4 Qa4+ 50. Ke5 Qxa2 51. Qxe6+ Qxe6+ 52. Kxe6 a5 53. f5 a4 54. fxg6 a3 55. g7 a2 56. g8Q a1Q 57. Qc8+ Kb6 58. Qd8+ Kc6 59. Qd5+ Kb6 60. g6 Qg1 61. Qd6+ Kb7 62. Qe7+ Kc6 63. Kf7 Qh1 64. Qe6+ Kc7 65. Qe5+ Kb6 66. g7 Qb7+ 67. Qe7 1-0

[Event "Pristina op"]
[Site "Pristina"]
[Date "2025.06.02"]
[Round "6"]
[White "Sakmak, Kutay"]
[Black "Basha, Lir"]
[Result "1-0"]
[WhiteElo "2158"]
[BlackElo "1947"]
[PlyCount "65"]
[EventDate "2025.05.31"]
[EventType "swiss"]
[EventRounds "9"]
[EventCountry "KOS"]
[SourceTitle "CB24_2025"]
[SourceDate "2025.06.11"]
[SourceVersion "1"]
[SourceVersionDate "2025.06.11"]
[SourceQuality "1"]

1. e4 c5 2. Nf3 g6 3. d4 cxd4 4. Nxd4 Nc6 5. Nc3 Bg7 6. Be3 Nf6 7. Bc4 0-0 8. f3 d5 9. exd5 Nb4 10. Nde2 Bf5 11. Bb3 Qa5 12. g4 Nfxd5 13. Bd2 Be6 14. Nxd5 Bxd5 15. Bxd5 Qxd5 16. Bxb4 Qxf3 17. Ng3 Qf4 18. Bc3 Qe3+ 19. Qe2 Bxc3+ 20. bxc3 Qxc3+ 21. Kf2 Rac8 22. Rac1 Qd4+ 23. Kg2 Qd5+ 24. Kh3 Qxa2 25. Qxe7 Rxc2 26. Rxc2 Qxc2 27. Qxb7 a5 28. Rf1 Qc4 29. Rf3 Qe6 30. Ne4 f5 31. Ng5 fxg4+ 32. Kh4 Qe1+ 33. Rg3 1-0

[Event "Pristina op"]
[Site "Pristina"]
[Date "2025.06.02"]
[Round "4"]
[White "Sakmak, Kutay"]
[Black "Kurdas, Halil Ibrahim"]
[Result "0-1"]
[WhiteElo "2158"]
[BlackElo "1949"]
[PlyCount "72"]
[EventDate "2025.05.31"]
[EventType "swiss"]
[EventRounds "9"]
[EventCountry "KOS"]
[SourceTitle "CB24_2025"]
[SourceDate "2025.06.11"]
[SourceVersion "1"]
[SourceVersionDate "2025.06.11"]
[SourceQuality "1"]

1. e4 c5 2. Nf3 e6 3. d4 cxd4 4. Nxd4 a6 5. Nc3 Qc7 6. g3 Nf6 7. Bg2 b5 8. 0-0 Bb7 9. Re1 d6 10. a3 Nbd7 11. h3 Be7 12. Kh2 Nb6 13. f4 Rd8 14. g4 d5 15. e5 Nfd7 16. Qe2 Nc4 17. f5 Ndxe5 18. Bf4 Bd6 19. b3 Nf3+ 20. Qxf3 Bxf4+ 21. Kh1 Nd2 22. Qd3 Ne4 23. Nxe4 dxe4 24. Bxe4 Rxd4 25. Qxd4 Qxc2 26. Kg1 Qh2+ 27. Kf1 Qxh3+ 28. Ke2 Qh2+ 29. Kf1 Qh3+ 30. Ke2 Qxg4+ 31. Kd3 Qh3+ 32. Kc2 Qh2+ 33. Kc3 Bxe4 34. Rxe4 Bg5 35. Rae1 0-0 36. Qd7 Rd8 0-1

[Event "Pristina op"]
[Site "Pristina"]
[Date "2025.06.02"]
[Round "7"]
[White "Saric, Ante"]
[Black "Sakmak, Kutay"]
[Result "1-0"]
[WhiteElo "2490"]
[BlackElo "2158"]
[PlyCount "61"]
[EventDate "2025.05.31"]
[EventType "swiss"]
[EventRounds "9"]
[EventCountry "KOS"]
[SourceTitle "CB24_2025"]
[SourceDate "2025.06.11"]
[SourceVersion "1"]
[SourceVersionDate "2025.06.11"]
[SourceQuality "1"]

1. Nf3 Nf6 2. c4 e6 3. Nc3 d5 4. e3 b6 5. cxd5 exd5 6. g3 Bb7 7. Bg2 Bd6 8. 0-0 0-0 9. b3 a6 10. Bb2 c5 11. d4 Nc6 12. dxc5 Bxc5 13. Rc1 Rc8 14. Na4 Be7 15. Bh3 Rb8 16. Nd4 Nxd4 17. Qxd4 b5 18. Nb6 Re8 19. Rfd1 Qd6 20. e4 Bd8 21. Nd7 Rxe4 22. Qd3 Ra8 23. Bxf6 Bxf6 24. Qxe4 Qxd7 25. Qxh7+ Kxh7 26. Bxd7 d4 27. Bc6 Bxc6 28. Rxc6 a5 29. a4 bxa4 30. bxa4 Kg6 31. Rc5 1-0

[Event "Pristina op"]
[Site "Pristina"]
[Date "2025.06.01"]
[Round "3"]
[White "Nikcevic, Nebojsa"]
[Black "Sakmak, Kutay"]
[Result "1-0"]
[WhiteElo "2332"]
[BlackElo "2158"]
[PlyCount "57"]
[EventDate "2025.05.31"]
[EventType "swiss"]
[EventRounds "9"]
[EventCountry "KOS"]
[SourceTitle "CB24_2025"]
[SourceDate "2025.06.11"]
[SourceVersion "1"]
[SourceVersionDate "2025.06.11"]
[SourceQuality "1"]

1. d4 Nf6 2. c4 e6 3. Nf3 b6 4. Nc3 Bb7 5. Bg5 d5 6. cxd5 exd5 7. Qa4+ c6 8. Bxf6 gxf6 9. e3 Bd6 10. Bd3 Nd7 11. Nh4 b5 12. Qd1 b4 13. Na4 Qc7 14. Nf5 0-0-0 15. a3 bxa3 16. Nxd6+ Qxd6 17. Rxa3 Kb8 18. 0-0 c5 19. Bb5 c4 20. Bxd7 Rxd7 21. Nc5 Rc7 22. Qa4 Bc8 23. b3 Bd7 24. Qb4+ Ka8 25. bxc4 Rb8 26. Qc3 dxc4 27. Na6 Bb5 28. Nxc7+ Qxc7 29. Rfa1 1-0

[Event "Pristina op"]
[Site "Pristina"]
[Date "2025.05.31"]
[Round "1"]
[White "Shita, Bujar"]
[Black "Sakmak, Kutay"]
[Result "0-1"]
[WhiteElo "1864"]
[BlackElo "2158"]
[PlyCount "44"]
[EventDate "2025.05.31"]
[EventType "swiss"]
[EventRounds "9"]
[EventCountry "KOS"]
[SourceTitle "CB24_2025"]
[SourceDate "2025.06.11"]
[SourceVersion "1"]
[SourceVersionDate "2025.06.11"]
[SourceQuality "1"]

1. g4 d5 2. Bg2 Bxg4 3. c4 c6 4. cxd5 cxd5 5. Qb3 Nf6 6. Qxb7 Nbd7 7. Nc3 e6 8. d4 Be7 9. Nf3 0-0 10. Bf4 Nh5 11. Bg3 f5 12. Bc7 Qc8 13. Qc6 Nf4 14. 0-0 Bd8 15. e3 Nxg2 16. Kxg2 Bxc7 17. Qxe6+ Kh8 18. Nxd5 Bxf3+ 19. Kxf3 Ne5+ 20. Qxe5 Bxe5 21. dxe5 Qc4 22. Nf4 g5 0-1

[Event "Titled Tuesday intern op 01st Apr Early"]
[Site "Chess.com INT"]
[Date "2025.04.01"]
[Round "2"]
[White "Bok, Benjamin"]
[Black "Sakmak, Kutay"]
[Result "1-0"]
[WhiteElo "2592"]
[BlackElo "2131"]
[PlyCount "49"]
[EventDate "2025.04.01"]
[EventType "swiss (blitz)"]
[EventRounds "11"]
[EventCountry "USA"]
[SourceTitle "CB15_2025"]
[SourceDate "2025.04.09"]
[SourceVersion "1"]
[SourceVersionDate "2025.04.09"]
[SourceQuality "1"]

1. d4 Nf6 2. c4 g6 3. g3 Bg7 4. Bg2 0-0 5. Nc3 d6 6. Nf3 c6 7. e4 Qb6 8. 0-0 Bg4 9. b3 Nfd7 10. Be3 c5 11. dxc5 Nxc5 12. Rc1 Bxc3 13. Rxc3 Qa5 14. Rc1 Nxe4 15. h3 Bd7 16. Nd4 Nc5 17. Bd2 Qc7 18. b4 Ne6 19. Bh6 Re8 20. Nxe6 Bxe6 21. Re1 Nd7 22. Qd4 Nf6 23. g4 Bd7 24. Rxe7 Kh8 25. Qxf6+ 1-0

[Event "Titled Tuesday intern op 01st Apr Early"]
[Site "Chess.com INT"]
[Date "2025.04.01"]
[Round "8"]
[White "Jacobsen, Mikkel Manosri"]
[Black "Sakmak, Kutay"]
[Result "0-1"]
[WhiteElo "2249"]
[BlackElo "2131"]
[PlyCount "60"]
[EventDate "2025.04.01"]
[EventType "swiss (blitz)"]
[EventRounds "11"]
[EventCountry "USA"]
[SourceTitle "CB15_2025"]
[SourceDate "2025.04.09"]
[SourceVersion "1"]
[SourceVersionDate "2025.04.09"]
[SourceQuality "1"]

1. d4 Nf6 2. Nf3 g6 3. Bf4 Bg7 4. c3 0-0 5. Nbd2 d6 6. e4 Nbd7 7. Be2 Re8 8. h3 e5 9. dxe5 dxe5 10. Be3 Qe7 11. 0-0 c6 12. a4 Nc5 13. Qc2 a5 14. b4 axb4 15. cxb4 Ne6 16. Nxe5 Nh5 17. Ng4 Bxa1 18. Rxa1 Nhf4 19. Bf1 h5 20. Ne5 Qxb4 21. Ndf3 Qe7 22. g3 Qf6 23. Rd1 g5 24. gxf4 gxf4 25. Bb6 Ng5 26. Bd4 Bxh3 27. Kh2 Bg4 28. Nxg4 Nxf3+ 29. Kg2 Qg5 30. Kh1 Qh4+ 0-1

[Event "Titled Tuesday intern op 01st Apr Late"]
[Site "Chess.com INT"]
[Date "2025.04.01"]
[Round "4"]
[White "Sakmak, Kutay"]
[Black "Pap, Gyula"]
[Result "1/2-1/2"]
[WhiteElo "2158"]
[BlackElo "2475"]
[PlyCount "95"]
[EventDate "2025.04.01"]
[EventType "swiss (blitz)"]
[EventRounds "11"]
[EventCountry "USA"]
[SourceTitle "CB15_2025"]
[SourceDate "2025.04.09"]
[SourceVersion "1"]
[SourceVersionDate "2025.04.09"]
[SourceQuality "1"]

1. e4 e5 2. Nf3 Nc6 3. Nc3 Nf6 4. a3 d5 5. Bb5 Nxe4 6. Qe2 Qd6 7. Nxe4 dxe4 8. Qxe4 Bd7 9. d4 0-0-0 10. dxe5 Nxe5 11. Bxd7+ Rxd7 12. Be3 Nxf3+ 13. Qxf3 Qd5 14. Qxd5 Rxd5 15. Ke2 Bd6 16. Rad1 Rf5 17. g4 Rb5 18. b4 Re8 19. c4 Rbe5 20. Kf3 Bf8 21. h4 Re4 22. c5 c6 23. Rd3 a5 24. bxa5 Rc4 25. Rhd1 Bxc5 26. Bxc5 Rxc5 27. Rd7 Rc3+ 28. Kg2 Rc4 29. a6 bxa6 30. Kg3 Rc3+ 31. f3 Ree3 32. Rxf7 Rcd3 33. Rc1 Rc3 34. Rxc3 Rxc3 35. Rxg7 c5 36. Rxh7 c4 37. h5 Rd3 38. h6 c3 39. Rh8+ Kc7 40. h7 Rd7 41. Rc8+ Kxc8 42. h8Q+ Kb7 43. Qxc3 Rc7 44. Qb4+ Ka8 45. g5 a5 46. Qxa5+ Kb7 47. Qxc7+ Ka8 48. g6 1/2-1/2

[Event "EU-ch 25th"]
[Site "Eforie Nord"]
[Date "2025.03.23"]
[Round "8"]
[White "Risteski, Emil"]
[Black "Sakmak, Kutay"]
[Result "1/2-1/2"]
[WhiteElo "2365"]
[BlackElo "2131"]
[PlyCount "100"]
[EventDate "2025.03.15"]
[EventType "swiss"]
[EventRounds "11"]
[EventCountry "ROU"]
[SourceTitle "CB13_2025"]
[SourceDate "2025.03.26"]
[SourceVersion "1"]
[SourceVersionDate "2025.03.26"]
[SourceQuality "1"]

1. Nf3 Nf6 2. g3 g6 3. Bg2 Bg7 4. 0-0 0-0 5. d3 d5 6. Nbd2 c5 7. e4 dxe4 8. dxe4 Nc6 9. c3 Qd3 10. Re1 Bg4 11. Bf1 Qd7 12. Qc2 Rfd8 13. a4 Rac8 14. Be2 h6 15. a5 g5 16. Qa4 Bh5 17. Kg2 Bg6 18. h3 Qc7 19. Bf1 Kh7 20. Kg1 Kg8 21. Kg2 Kh7 22. Bb5 Nd7 23. Nc4 a6 24. Bxc6 Qxc6 25. Qxc6 Rxc6 26. Nfd2 Ne5 27. Nxe5 Bxe5 28. Nc4 Bg7 29. f3 f6 30. Be3 Bf7 31. Nb6 Bb3 32. g4 e6 33. h4 c4 34. Re2 Kg6 35. h5+ Kf7 36. Bd4 Bf8 37. e5 f5 38. gxf5 exf5 39. e6+ Rxe6 40. Rxe6 Kxe6 41. Re1+ Kf7 42. f4 Re8 43. Rh1 g4 44. Nd7 Re2+ 45. Kg3 Bd6 46. Ne5+ Ke6 47. Ng6 Kd5 48. Rh2 Re1 49. Rd2 Kc6 50. Ne5+ Bxe5 1/2-1/2

[Event "Skopje op-A"]
[Site "Skopje"]
[Date "2024.12.14"]
[Round "4"]
[White "Nikolovski, Nikola"]
[Black "Sakmak, Kutay"]
[Result "1/2-1/2"]
[WhiteElo "2407"]
[BlackElo "2176"]
[PlyCount "99"]
[EventDate "2024.12.11"]
[EventType "swiss"]
[EventRounds "9"]
[EventCountry "MKD"]
[SourceTitle "CB52_2024"]
[SourceDate "2024.12.25"]
[SourceVersion "1"]
[SourceVersionDate "2024.12.25"]
[SourceQuality "1"]

1. e4 e5 2. Nf3 Nc6 3. Nc3 Nf6 4. g3 d5 5. exd5 Nxd5 6. Bg2 Nxc3 7. bxc3 Bd6 8. 0-0 0-0 9. d3 Bg4 10. h3 Bh5 11. g4 Bg6 12. Qe2 f5 13. Ng5 Qd7 14. Rb1 h6 15. Bd5+ Kh8 16. Be6 Qe7 17. gxf5 Bxf5 18. Bxf5 Rxf5 19. Ne4 Raf8 20. Qg4 Nd8 21. Be3 b6 22. Kh1 Ne6 23. Rg1 Nf4 24. Rg3 h5 25. Qd1 Qh4 26. Kh2 g5 27. f3 Rg8 28. Qe1 g4 29. Bxf4 Rxf4 30. Rxg4 Rgxg4 31. fxg4 Qxe1 32. Rxe1 hxg4 33. Rg1 gxh3 34. Kxh3 Rf7 35. Rg6 Kh7 36. Rg1 Be7 37. Kg2 Rg7+ 38. Kf1 Rxg1+ 39. Kxg1 Kg6 40. Kf2 Kf5 41. Kf3 Bh4 42. c4 Be1 43. Ke2 Bh4 44. Nc3 c6 45. Ne4 a6 46. Kf3 Be1 47. Ke2 Bh4 48. Ke3 Be1 49. Kf3 Bh4 50. Ke3 1/2-1/2

[Event "Skopje op-A"]
[Site "Skopje"]
[Date "2024.12.14"]
[Round "5"]
[White "Sakmak, Kutay"]
[Black "Burns, Michael"]
[Result "1-0"]
[WhiteElo "2176"]
[BlackElo "1907"]
[PlyCount "43"]
[EventDate "2024.12.11"]
[EventType "swiss"]
[EventRounds "9"]
[EventCountry "MKD"]
[SourceTitle "CB52_2024"]
[SourceDate "2024.12.25"]
[SourceVersion "1"]
[SourceVersionDate "2024.12.25"]
[SourceQuality "1"]

1. e4 c5 2. Nf3 e6 3. d4 cxd4 4. Nxd4 a6 5. Bd3 Bc5 6. Nb3 Be7 7. c4 d6 8. Nc3 Nc6 9. f4 Qc7 10. Be3 Nb4 11. Be2 b6 12. 0-0 Bb7 13. a3 Nc6 14. Na4 b5 15. cxb5 axb5 16. Bxb5 Ba6 17. Qe2 Qb7 18. Nb6 Bxb5 19. Qxb5 Kf8 20. Rac1 Bd8 21. Rxc6 Bxb6 22. Qxb6 1-0

[Event "Skopje op-A"]
[Site "Skopje"]
[Date "2024.12.13"]
[Round "3"]
[White "Sakmak, Kutay"]
[Black "Karaalioglu, Zeynel Mansur"]
[Result "1-0"]
[WhiteElo "2176"]
[BlackElo "1930"]
[PlyCount "55"]
[EventDate "2024.12.11"]
[EventType "swiss"]
[EventRounds "9"]
[EventCountry "MKD"]
[SourceTitle "CB52_2024"]
[SourceDate "2024.12.25"]
[SourceVersion "1"]
[SourceVersionDate "2024.12.25"]
[SourceQuality "1"]

1. Nf3 Nf6 2. g3 c5 3. Bg2 g6 4. 0-0 Bg7 5. c4 0-0 6. d4 cxd4 7. Nxd4 Nc6 8. Nc3 Nxd4 9. Qxd4 d6 10. Qd2 Qc7 11. b3 Bf5 12. Bb2 Qd7 13. Rfe1 Bh3 14. Bh1 Rac8 15. e4 Qg4 16. Nd5 Nxd5 17. Bxg7 Kxg7 18. exd5 Rc7 19. Re4 Qc8 20. Rae1 Re8 21. Qd4+ f6 22. g4 h5 23. gxh5 gxh5 24. Bf3 Rg8 25. Kh1 Kf8 26. Qe3 Rg7 27. Rh4 Qf5 28. Be4 1-0

[Event "Skopje op-A"]
[Site "Skopje"]
[Date "2024.12.11"]
[Round "1"]
[White "Sakmak, Kutay"]
[Black "Padjen, Zdenko"]
[Result "1-0"]
[WhiteElo "2176"]
[BlackElo "1861"]
[PlyCount "68"]
[EventDate "2024.12.11"]
[EventType "swiss"]
[EventRounds "9"]
[EventCountry "MKD"]
[SourceTitle "CB52_2024"]
[SourceDate "2024.12.25"]
[SourceVersion "1"]
[SourceVersionDate "2024.12.25"]
[SourceQuality "1"]

1. e4 c5 2. Nf3 g6 3. d4 cxd4 4. Qxd4 Nf6 5. e5 Nc6 6. Qa4 Nd5 7. Qb3 Nc7 8. Bf4 Bg7 9. Nc3 Ne6 10. Bg3 Bh6 11. Rd1 0-0 12. Be2 Nf4 13. Bxf4 Bxf4 14. Nd5 Bxe5 15. Nxe5 Nxe5 16. Qc3 d6 17. h4 Bf5 18. f4 Rc8 19. Qe3 Nc6 20. h5 e6 21. Nc3 Nb4 22. Kf1 Nxc2 23. Qf2 gxh5 24. Bd3 Nb4 25. Bxf5 exf5 26. Rxh5 Rc4 27. a3 Nc6 28. Qg3+ Kh8 29. Qh2 Qf6 30. Rxh7+ Kg8 31. Rh6 Qg7 32. Nd5 f6 33. Rh3 Rc2 34. Rdd3 Rc1+ 1-0

[Event "EU-ch 24th"]
[Site "Petrovac"]
[Date "2024.11.09"]
[Round "2"]
[White "Yurtseven, Melih"]
[Black "Sakmak, Kutay"]
[Result "0-1"]
[WhiteElo "2348"]
[BlackElo "2104"]
[PlyCount "100"]
[EventDate "2024.11.08"]
[EventType "swiss"]
[EventRounds "11"]
[EventCountry "MNE"]
[SourceTitle "CB47_2024"]
[SourceDate "2024.11.20"]
[SourceVersion "1"]
[SourceVersionDate "2024.11.20"]
[SourceQuality "1"]

1. c4 Nf6 2. Nc3 d5 3. cxd5 Nxd5 4. Nf3 g6 5. h4 Bg7 6. h5 Nc6 7. g3 Bf5 8. Bg2 Ncb4 9. 0-0 Nxc3 10. bxc3 Nc2 11. Rb1 Ne3 12. fxe3 Bxb1 13. d3 c6 14. Ng5 Bxa2 15. Qa4 Bd5 16. e4 Qb6+ 17. d4 Bb3 18. Qa3 0-0 19. Qxe7 Rae8 20. Qa3 Bc4 21. Bf3 h6 22. Nh3 g5 23. Nf2 Be6 24. e5 f6 25. exf6 Rxf6 26. Ne4 Rff8 27. Nc5 Qc7 28. Kh2 Bd5 29. Qb2 g4 30. Bf4 gxf3 31. Bxc7 Rxe2+ 32. Qxe2 fxe2 33. Rxf8+ Bxf8 34. Nd3 Bc4 35. Ne1 c5 36. Kg2 cxd4 37. cxd4 Bg7 38. Be5 Bxe5 39. dxe5 b5 40. Kf3 a5 41. Ke3 a4 42. Kd2 b4 43. Nc2 b3 44. Na3 b2 45. g4 Ba2 46. Kxe2 b1Q 47. Nxb1 Bxb1 48. Kd2 Be4 49. Kc3 Bf3 50. Kb4 Bxg4 0-1

[Event "EU-ch 24th"]
[Site "Petrovac"]
[Date "2024.11.08"]
[Round "1"]
[White "Sakmak, Kutay"]
[Black "Wadsworth, Matthew J"]
[Result "0-1"]
[WhiteElo "2104"]
[BlackElo "2461"]
[PlyCount "62"]
[EventDate "2024.11.08"]
[EventType "swiss"]
[EventRounds "11"]
[EventCountry "MNE"]
[SourceTitle "CB47_2024"]
[SourceDate "2024.11.20"]
[SourceVersion "1"]
[SourceVersionDate "2024.11.20"]
[SourceQuality "1"]

1. e4 c6 2. d4 d5 3. e5 Bf5 4. h4 h5 5. Nf3 e6 6. Be2 Nd7 7. Nbd2 Bg4 8. Ng5 Bxe2 9. Qxe2 Ne7 10. Nf1 Nf5 11. c3 Be7 12. Ng3 Nxh4 13. Rxh4 Bxg5 14. Rxh5 Rxh5 15. Qxh5 Bxc1 16. Rxc1 Nf8 17. Qg4 g6 18. Qf4 Qb6 19. Rc2 c5 20. Ne2 Rc8 21. dxc5 Qxc5 22. Nd4 Qc4 23. f3 a6 24. a3 Qd3 25. Kf2 Nh7 26. Rd2 Qb1 27. Re2 g5 28. Qd2 Qh1 29. Qc2 Nf8 30. Re1 Qh4+ 31. Ke2 Qxd4 0-1

[Event "Paracin op-A 17th"]
[Site "Paracin"]
[Date "2024.07.09"]
[Round "7"]
[White "Petricenco, Ana"]
[Black "Sakmak, Kutay"]
[Result "0-1"]
[WhiteElo "1876"]
[BlackElo "1993"]
[PlyCount "54"]
[EventDate "2024.07.03"]
[EventType "swiss"]
[EventRounds "9"]
[EventCountry "SRB"]
[SourceTitle "CBM 221 Extra"]
[Source "ChessBase"]
[SourceDate "2024.09.30"]
[SourceVersion "1"]
[SourceVersionDate "2024.09.30"]
[SourceQuality "1"]

1. e4 e5 2. Nf3 Nc6 3. Bb5 a6 4. Ba4 Nf6 5. 0-0 Be7 6. Re1 b5 7. Bb3 0-0 8. h3 Bb7 9. d3 d5 10. exd5 Nxd5 11. Nbd2 Bc5 12. a4 Bb6 13. axb5 axb5 14. Rxa8 Bxa8 15. Ne4 b4 16. Bg5 f6 17. Bd2 Kh8 18. Qa1 Nd4 19. Nxd4 Bxd4 20. c3 Bb6 21. c4 Nf4 22. Bxb4 c5 23. Bxc5 Bxc5 24. Nxc5 Bxg2 25. Ne6 Nxe6 26. Kxg2 Nf4+ 27. Kh1 Qd7 0-1

[Event "Paracin op-A 17th"]
[Site "Paracin"]
[Date "2024.07.04"]
[Round "2"]
[White "Sakmak, Kutay"]
[Black "Coman, Mihnea George"]
[Result "1-0"]
[WhiteElo "1993"]
[BlackElo "2243"]
[PlyCount "85"]
[EventDate "2024.07.03"]
[EventType "swiss"]
[EventRounds "9"]
[EventCountry "SRB"]
[SourceTitle "CBM 221 Extra"]
[Source "ChessBase"]
[SourceDate "2024.09.30"]
[SourceVersion "1"]
[SourceVersionDate "2024.09.30"]
[SourceQuality "1"]

1. e4 e5 2. Nf3 Nc6 3. Nc3 Nf6 4. a3 d5 5. Bb5 Nxe4 6. Qe2 Qd6 7. Nxe4 dxe4 8. Qxe4 Bd7 9. d4 0-0-0 10. dxe5 Nxe5 11. Bxd7+ Qxd7 12. 0-0 Nc6 13. Be3 Bd6 14. c4 f5 15. Qc2 f4 16. Bd4 Rhg8 17. Rad1 g5 18. c5 g4 19. Nh4 Be7 20. Bf6 Qe6 21. Rxd8+ Rxd8 22. Bxe7 Qxe7 23. Qf5+ Kb8 24. Qxg4 Qxc5 25. Qxf4 Rf8 26. Qg4 a6 27. Nf3 Qd5 28. Re1 Rd8 29. h3 Qb3 30. Qg7 h5 31. Ne5 Nxe5 32. Qxe5 h4 33. Rc1 Qf7 34. Qg5 Rf8 35. Qxh4 Qg7 36. Qg3 Qxb2 37. Rxc7 Ka8 38. Rg7 Qa1+ 39. Kh2 Qa2 40. h4 Qd5 41. Rg5 Qe6 42. h5 Qh6 43. Re5 1-0

[Event "Vojvodina op 14th"]
[Site "Novi Sad"]
[Date "2024.07.01"]
[Round "9"]
[White "Sakmak, Kutay"]
[Black "Mijic, Sara"]
[Result "1-0"]
[WhiteElo "1993"]
[BlackElo "1920"]
[PlyCount "57"]
[EventDate "2024.06.24"]
[EventType "swiss"]
[EventRounds "9"]
[EventCountry "SRB"]
[SourceTitle "CBM 220 Extra"]
[Source "ChessBase"]
[SourceDate "2024.07.31"]
[SourceVersion "1"]
[SourceVersionDate "2024.07.31"]
[SourceQuality "1"]

1. e4 e5 2. Nf3 Nc6 3. Bc4 Bc5 4. b4 Bxb4 5. c3 Ba5 6. d4 d6 7. Qb3 Qd7 8. 0-0 Bb6 9. Nbd2 Na5 10. Qc2 Nxc4 11. Nxc4 f6 12. a4 Qf7 13. Qd3 Be6 14. d5 Bg4 15. Ba3 Bxf3 16. Qxf3 Rd8 17. Rab1 a5 18. Bxd6 Bxf2+ 19. Qxf2 cxd6 20. Qa7 Qc7 21. Nxa5 Qb8 22. Rxb7 Qxa7+ 23. Rxa7 Nh6 24. Nc6 Rc8 25. Rxg7 f5 26. exf5 Nf7 27. Rb1 Nd8 28. a5 Nxc6 29. dxc6 1-0

[Event "Vojvodina op 14th"]
[Site "Novi Sad"]
[Date "2024.06.28"]
[Round "5"]
[White "Sakmak, Kutay"]
[Black "Bryakin, Mikhail"]
[Result "0-1"]
[WhiteElo "1993"]
[BlackElo "2470"]
[PlyCount "88"]
[EventDate "2024.06.24"]
[EventType "swiss"]
[EventRounds "9"]
[EventCountry "SRB"]
[SourceTitle "CBM 220 Extra"]
[Source "ChessBase"]
[SourceDate "2024.07.31"]
[SourceVersion "1"]
[SourceVersionDate "2024.07.31"]
[SourceQuality "1"]

1. e4 c6 2. d4 d5 3. f3 g6 4. Nc3 Bg7 5. Be3 Qb6 6. Qd2 Qxb2 7. Rb1 Qa3 8. Bd3 dxe4 9. fxe4 e5 10. Nf3 exd4 11. Bxd4 Bxd4 12. Nxd4 Nd7 13. Rb3 Qd6 14. Qf2 Ne5 15. 0-0 Nh6 16. Be2 0-0 17. Rd1 Neg4 18. Qg3 Qxg3 19. hxg3 Rd8 20. a4 Ne5 21. a5 Nhg4 22. Nf3 Rxd1+ 23. Nxd1 Rb8 24. Nd4 Nf6 25. Nf2 Be6 26. Rb1 Nfd7 27. Nd3 b5 28. Nb4 Rc8 29. Nxe6 fxe6 30. Kf2 Kf7 31. Ke3 Ke7 32. c3 Nc5 33. Rh1 Rh8 34. Rb1 h5 35. Nc2 Rd8 36. Nd4 Na4 37. Rb3 a6 38. Nc2 c5 39. Ra3 Nb2 40. Kf4 Rd2 41. Bxb5 axb5 42. a6 Kf6 43. a7 g5+ 44. Ke3 Nbc4# 0-1

[Event "Vojvodina op 14th"]
[Site "Novi Sad"]
[Date "2024.06.27"]
[Round "4"]
[White "Ashvath, Mittal"]
[Black "Sakmak, Kutay"]
[Result "0-1"]
[WhiteElo "1986"]
[BlackElo "1993"]
[PlyCount "58"]
[EventDate "2024.06.24"]
[EventType "swiss"]
[EventRounds "9"]
[EventCountry "SRB"]
[SourceTitle "CBM 220 Extra"]
[Source "ChessBase"]
[SourceDate "2024.07.31"]
[SourceVersion "1"]
[SourceVersionDate "2024.07.31"]
[SourceQuality "1"]

1. e4 e5 2. Nf3 Nc6 3. Bc4 Bc5 4. c3 Nf6 5. d3 a6 6. a4 Ba7 7. 0-0 d6 8. Re1 0-0 9. h3 h6 10. Nbd2 Be6 11. Bxe6 fxe6 12. Nf1 Nh5 13. Be3 Nf4 14. Bxa7 Rxa7 15. Ne3 Qf6 16. Kh2 Raa8 17. d4 Rf7 18. Ng4 Qg6 19. g3 h5 20. Ngxe5 dxe5 21. d5 exd5 22. gxf4 Rxf4 23. Qxd5+ Kh8 24. Re3 Qf6 25. Kg2 Rf8 26. Qd3 Ne7 27. Rg1 g5 28. Rh1 Ng6 29. Kg3 Nh4 0-1